| 000 | 00415 a2200121 4500 | ||
|---|---|---|---|
| 001 | ART_53064 | ||
| 005 | 20260410161759.0 | ||
| 008 | 260409a | ||
| 245 | 1 | 0 | _aReflexiones sobre la interrupción de la prescripción prevista en la moratoria y el blanqueo de la ley 26476 |
| 100 | 1 | _aKaplan, Hugo E. | |
| 700 | 1 | _aVolman, Mario | |
| 773 | 0 |
_tDoctrina tributaria _g- Nº 350 (may. 2009) _wREV4296 |
|
| 999 |
_c20407 _d20407 |
||